LEADER 00912nam0 2200289 450 001 000022453 005 20090203125207.0 010 $a88-15-03399-8 100 $a20090203d1992----km-y0itay50------ba 101 1 $aita$cger 102 $aIT 105 $ay-------001yy 200 1 $aTra Asburgo e Prussia$ela Germania dal 1815 al 1866$fHeinrich Lutz 210 $aBologna$cIl mulino$d1992 215 $a639 p.$d22 cm 225 2 $a<>vie della civiltà 300 $aTrad. di Paolo Pombeni 410 0$12001$a<>vie della civiltà 500 10$aZwischen Habsburg und Preussen$m$914714 610 1 $aGermania$aStoria$a1815-1866 676 $a943.07$v19 700 1$aLutz,$bHeinrich$4070$0136238 801 0$aIT$bUNIPARTHENOPE$c20090203$gRICA$2UNIMARC 912 $a000022453 951 $a040S/63$b9181$cNAVA2$d2009 996 $aZwischen Habsburg und Preussen$914714 997 $aUNIPARTHENOPE LEADER 01963nam0 22003853i 450 001 CAM0003468 005 20170908093317.0 100 $a20151124d1987 ||||0itac50 ba 101 | $aita 102 $ait 181 1$6z01$ai $bxxxe 182 1$6z01$an 200 1 $a˜Le œGlorie di Maria$fS. Alfonso M. de Liguori 210 $aNapoli$cValsele Tipografica$dstampa 1987 215 $a590 p.$c[1] ritr.$d17 cm 606 $aMadonna$2FIR$3NAPC021483$9I 606 $aMadonna. Trattati$2FIR$3NAPC301489$9N 676 $a232.91$9MARIA, MADRE DI GESU$v21 700 1$aLiguori$b, Alfonso Maria : de'$c $3CFIV052107$4070$0154735 790 0$aAlfonso Maria : de' Liguori$3CFIV052109$zLiguori, Alfonso Maria : de' 790 1$aLiguori$b, Alfonso M. : de'$c $3CFIV144739$zLiguori, Alfonso Maria : de' 790 0$aAlfonso : de' Liguori$c $3CFIV174175$zLiguori, Alfonso Maria : de' 790 1$aLiguori$b, Alfonso : de'$c $3CFIV174176$zLiguori, Alfonso Maria : de' 790 1$aLiguori$b, A. : de'$c $3CFIV177848$zLiguori, Alfonso Maria : de' 790 1$aDe Liguori$b, Alfonso Maria$c $3PUVV176716$zLiguori, Alfonso Maria : de' 790 1$aDe Liguori$b, Alfonso$3SBNV041162$zLiguori, Alfonso Maria : de' 790 1$aDe Liguori$b, Alfonso$c $3SBNV041163$zLiguori, Alfonso Maria : de' 801 3$aIT$bIT-NA0079$c20151124 850 $aIT-NA0074$aIT-AV0101 912 $aCAM0003468 950 0$aBiblioteca Provinciale Laurenziana$c1 v.$d 91MR 9A 00065$e 91 0000202655 B 1 v.$fT $h20151124$i20151124 950 0$aBiblioteca Territoriale Diocesana di Montevergine$c1 v.$d MMSCS.BEN 004. 248$e MM 0000006975 B A4 1 v.$fT $h20160402$i20160402 977 $a 91$a MM 996 $aGlorie di Maria$9876196 997 $aUNISANNIO